|
|
|
|
| LEADER |
00000cam a2200000 7i4500 |
| 001 |
0000140331 |
| 005 |
20100607.0 |
| 020 |
|
|
|a 9789830558257
|
| 090 |
0 |
0 |
|a 338.9595
|b MEM
|
| 245 |
1 |
0 |
|a Malaysia selaku destinasi pelancongan
|c penyusun, Nadia Amira Amir
|
| 260 |
|
|
|a Subang Jaya :
|b Penerbit Pinang Sdn. Bhd. ,
|c 2010
|
| 300 |
|
|
|a 44p. ;
|c 26cm.
|
| 490 |
0 |
|
|a Siri memacu pembangunan menjelang 2020
|
| 650 |
0 |
0 |
|a Tourist trade
|z Malaysia
|
| 651 |
|
0 |
|a Malaysia
|x Economic development
|
| 700 |
0 |
|
|a Nadia Amira Amir
|
| 999 |
|
|
|a 00234865
|b BUKU
|c MALAYSIANA
|e PERPUSTAKAAN KOMUNITI PETALING JAYA
|
| 999 |
|
|
|a 00234878
|b BUKU
|c MALAYSIANA
|e PERPUSTAKAAN KOMUNITI PETALING JAYA
|
| 999 |
|
|
|a 00278606
|b BUKU
|c JUNIOR BOOKS
|e PERPUSTAKAAN KOMUNITI CAW TAMAN MEDAN
|